000 01205cad a22002175a 4500
001 L155659
008 120330s2012 xxk f 000 0 eng d
035 _a(Sirsi) u155659
041 0 _aeng
110 2 _aConstruction Products Association
_94104
245 0 2 _aA guide to understanding the embodied impacts of construction products
_h[electronic resource]
260 _aLondon
_bConstruction Products Association
_c2012
520 _aGuide improves understanding across the construction industry of the embodied impacts of construction products. It explains how the environmental impacts of construction products are measured, what processes and schemes are already established, what information is generated and what effect European regulations and emerging European standards will have.
590 _aKA
651 4 _aUnited Kingdom
690 _aSustainability
_96271
690 _aEnvironment
_96238
690 _aConstruction management
_96230
856 4 0 _uhttps://www.constructionproducts-sustainability.org.uk/fileadmin/client/cpa/documents/Sustainability/Embodied_Impacts_brochure_small_V9.pdf
_zView the guide free of charge at www.constructionproducts-sustainability.org.uk
942 _n0
999 _c113736
_d113736